000 00753nam a22002055i 4500
001 159588
003 ES-MaACL
005 20250821063058.0
008 990701s1872 fr |||| | fre d
040 _aGA
_bspa
_cCCPB | 3D
100 1 _aMichelet, Jules,
_d1798-1874
_980919
245 1 0 _aDirectoire
_b: ; Origine des Bonaparte /
_cJ. Michelet.
260 _aParis :
_bLibrairie Germer Baillière,
_c1872 (
_fImp. Simon Raçon et Comp.)
300 _aXXII, 443 p. ;
_c23 cm.
490 1 _aHistoire du XIXe siècle
651 4 _aFrancia-
_xHistoria-
_y1795-1799, Directorio.
_9156526
830 0 _aHistoire du XIXe siècle
_9221954
852 _aES-MaACL
_jG-4801
_z-- Enc. hol.
_z-- Legado de M. de la Fuente
999 _c159588
_d159588